Ma kezdődnek az országos tornászbajnokságok Szegeden

Elmentve itt :
Bibliográfiai részletek
Dokumentumtípus: Cikk
Megjelent: 1951-05-26
Sorozat:Délmagyarország
Kulcsszavak:Tornászbajnokság Szeged 1951
Online Access:http://dmarchiv.bibl.u-szeged.hu/52463
LEADER 00430nab a2200145 i 4500
001 delm52463
005 20180927141938.0
008 180927s1951 hu o 0|| hun d
040 |a SZTE Délmagyarország Archívum  |b hun 
041 |a hun 
245 0 0 |a Ma kezdődnek az országos tornászbajnokságok Szegeden  |h [elektronikus dokumentum] 
260 |c 1951-05-26 
300 |a 4 
490 0 |a Délmagyarország 
695 |a Tornászbajnokság Szeged 1951